[Event "Ufa Republican Sports op-A"]
[Site "Ufa"]
[Date "2016.05.23"]
[Round "2"]
[White "Rodin, Gleb"]
[Black "Nedzhera, Bogdan"]
[Result "1/2-1/2"]
[WhiteElo "1353"]
[BlackElo "1582"]
[PlyCount "93"]
[EventDate "2016.05.23"]
[EventType "tourn"]
[EventRounds "9"]
[EventCountry "RUS"]
[SourceTitle "EXT 2022"]
[Source "ChessBase"]
[SourceDate "2021.10.06"]
[SourceVersion "1"]
[SourceVersionDate "2021.10.06"]
[SourceQuality "1"]

1. e4 e5 2. Nf3 Nc6 3. Bc4 Bc5 4. c3 Nf6 5. d3 d6 6. Nbd2 0-0 7. Nf1 Be6 8. Bb3 Bxb3 9. axb3 Ng4 10. Ne3 Nxe3 11. Bxe3 Bb6 12. 0-0 Qd7 13. Re1 f5 14. Bxb6 axb6 15. Qd2 fxe4 16. dxe4 Rxa1 17. Rxa1 Qg4 18. Qd5+ Kh8 19. h3 Qg6 20. Nh4 Qf6 21. Nf3 h6 22. b4 Nd8 23. Ra8 c6 24. Qd3 Ne6 25. Rxf8+ Qxf8 26. Nh4 Nf4 27. Qf3 g6 28. Qxf4 exf4 29. Nxg6+ Kg8 30. Nxf8 Kxf8 31. Kf1 Ke7 32. Ke2 Kf6 33. Kf3 Ke5 34. g3 fxg3 35. fxg3 h5 36. g4 hxg4+ 37. hxg4 b5 38. g5 b6 39. g6 Kf6 40. Kf4 Kxg6 41. e5 d5 42. b3 c5 43. e6 cxb4 44. cxb4 d4 45. e7 Kf7 46. Ke4 Kxe7 47. Kxd4 1/2-1/2